Perception of top management leadership styles and climate (Record no. 12885)

000 -LEADER
fixed length control field 00424pab a2200145 454500
008 - FIXED-LENGTH DATA ELEMENTS--GENERAL INFORMATION
fixed length control field 180718b1990 xxu||||| |||| 00| 0 eng d
100 ## - MAIN ENTRY--PERSONAL NAME
Personal name Venkatapathy, R.
245 ## - TITLE STATEMENT
Title Perception of top management leadership styles and climate
Remainder of title A study of public and private executives
260 ## - PUBLICATION, DISTRIBUTION, ETC.
Date of publication, distribution, etc. 1990
300 ## - PHYSICAL DESCRIPTION
Extent 303-4
362 ## - DATES OF PUBLICATION AND/OR SEQUENTIAL DESIGNATION
Dates of publication and/or sequential designation Jan.
650 ## - SUBJECT ADDED ENTRY--TOPICAL TERM
Topical term or geographic name entry element Leadership
773 ## - HOST ITEM ENTRY
Main entry heading Indian Journal of Indusrial Relations
909 ## -
-- 12885
Holdings
Withdrawn status Lost status Damaged status Not for loan Permanent Location Current Location Date acquired Serial Enumeration / chronology Barcode Date last seen Price effective from Koha item type
        Indian Institute of Public Administration Indian Institute of Public Administration 2018-07-19 Volume no: 25, Issue no: 3 AR12928 2018-07-19 2018-07-19 Articles

Powered by Koha